Rapport d'un groupe d'étude de l'OMS; N.757 Utilisation rationnelle de l'imagerie diagnostique en pédiatrie

Spremljeno u:
Bibliografski detalji
Glavni autor: OMS
Format: Knjiga
Jezik:Undetermined
Izdano: Genève OMS 1987
Teme:
Oznake: Dodaj oznaku
Bez oznaka, Budi prvi tko označuje ovaj zapis!
Thư viện lưu trữ: Trung tâm Học liệu Trường Đại học Cần Thơ
LEADER 00562nam a2200193Ia 4500
001 CTU_6631
008 210402s9999 xx 000 0 und d
082 |a 610.72 
082 |b O.68f/N.757 
100 |a OMS 
245 0 |a Rapport d'un groupe d'étude de l'OMS; N.757 
245 0 |b Utilisation rationnelle de l'imagerie diagnostique en pédiatrie 
245 0 |c OMS 
260 |a Genève 
260 |b OMS 
260 |c 1987 
650 |a pediatrics 
904 |i Nguyễn Quang Điền, 960821 
980 |a Trung tâm Học liệu Trường Đại học Cần Thơ